01116cam a22002534a 450000100090000000300040000900500170001300800410003001000150007102000150008604000170010104200080011805000130012608200120013910000160015124500820016725000120024926000470026130000500030850000490035850504160040765000220082370000170084512001467OSt20220907132038.0000509s2001 njua 000 0 eng  a2001028702 a0766825663 aDLCcLCdDLC apcc00aRT41.W9500a612221 aWhite, Lois00aMedical-surgical nursing: an integrated approach. /cLois White, Gena Duncan. a2nd ed. aNew York:bDelmar/Thomson Learning,c2001. axxi, 1110 p. :bill. (chiefly col.) ;c29 cm. aIncludes bibliographic references and index. aContents: Foundations of nursing: Factors affecting nursing care -- Holistic nursing care -- Areas of medical-surgical care: Basic concepts of medical-surgical nursing -- Oxygenation and perfusion -- Body defenses -- Control, mobility, coordination and regulation -- Digestion and elimination -- Reproductive and sexual disorders -- Physical and mental integrity -- Special areas of medical-surgical nursing --  0aHuman physiology.1 aDuncan, Gena